000 00596nam a2200217Ia 4500
005 20250508165203.0
008 008 250505s9999 xx 000 0 eng d
020 _a978-0415-42022-8
037 _aReference
040 _aFEDL
_beng
_cFEDL
041 _aeng
_2eng
084 _a401.9, AIT/RR
_qFEDL
100 _aAitchison Jean
245 0 _aArticulate mammal: An introduction to psycholinguistics
250 _a5
260 _aLondon, UK
_bRoutledge
_c2008
300 _avii, 302p.
365 _aGBP
_b22.99
942 _cREF
_h401.9, AIT/RR
999 _c1393666
_d1393666